000 00487nam a2200169Ia 4500
008 090201s9999 xx 000 0 und d
010 _aKPL-60969
040 _bमराठी
041 _aमराठी
082 _a1095
_b60969
100 _aयु म पठाण
245 _aनंदादीप
_cयु म पठाण
260 _c2004
_bयोगिता प्रकाशन
300 _a143
_bमोठा
600 _aनंदादीप
942 _cBOOK
999 _c202190
_d202190